00844nam a22002413 450000100060000000300090000600500170001500800410003203500180007304000180009104100080010908200290011710000340014624500710018025000150025126000390026630000390030565000460034470000410039094200120043199900170044395201420046045948BD-RJUL 20211209054104.0160730s1964 xx 000 0 eng d aBD-RJUL 46066 aEQOcEQObeng aeng 223 a345.794 bRAC 1964 0 aRatanlal Ranchhoddas.914051214aThe criminal procedure code /cby R. Ranchhoddas and D.K. Thakore. a10th edi.  aBombay :bThe bombay law, c1964.  axxxii, 748 p. : bill. ; c18 cm.  aCriminal procedure zCalifornia. 91405131 aThakore, Dhirajlal Keshavlal9140514 2ddccBK c45948d45948 00102ddc40708NFICaRUCLbRUCLcStackd1965-11-04eZeithlingerg105.00l0o345.794 RAC 1964r2016-07-30 00:00:00tC-2w2016-07-30yBK